|
|
|
|
| LEADER |
00799nam a2200193 a 4500 |
| 008 |
100330s1985 nyu b f000 0 eng d |
| 040 |
|
|
|a DLC
|c DLC
|d DLC
|
| 082 |
0 |
0 |
|a 305.42
|2 19
|
| 245 |
1 |
0 |
|a Women participation in development :
|b an inter organizational assessment
|
| 260 |
|
|
|a New York :
|b United Nations Development Programme,
|c 1985
|
| 300 |
|
|
|a viii, 86 p. ;
|c 30 cm.
|
| 500 |
|
|
|a Evaluation Study No. 13.
|
| 504 |
|
|
|a Includes bibliographical references (p. 76-86).
|
| 541 |
1 |
|
|e 00002916
|
| 650 |
|
0 |
|a Women in development
|
| 710 |
1 |
|
|a United Nations Development Programme.
|
| 852 |
4 |
|
|a Ayesha Abed Library
|j General shelf
|
| 999 |
|
|
|c 7953
|d 7953
|
| 952 |
|
|
|0 0
|1 0
|2 ddc
|4 0
|6 305_420000000000000_WOM_1985
|7 0
|9 8953
|a BRACUL
|b BRACUL
|c GEN
|d 2010-04-04
|g 0.00
|l 0
|o 305.42 WOM
|p 3010002916
|r 2010-04-04
|t 1
|w 2010-04-04
|y BK
|